000 00639nam a22002057a 4500
005 20251108173711.0
008 250721s2001 xx 000 0 ara d
020 _a9953301727
082 1 4 _aم/ 355.0019/ عيس
100 1 _aالعيسوي، عبد الرحمن محمد
245 1 0 _aمجالات الإرشاد و العلاج النفسي /
246 1 1 _a`
264 1 _aبيروت :
_bدار الراتب الجامعية،
_c2001.
300 _aج6.
650 1 7 _aعلم النفس العسكري
650 1 7 _aالعلاج النفسي
650 1 7 _aالارشاد النفسي
942 _2ddc
_cREF
999 _c110299
_d110299